000 00869cam a22002897a 4500
003 CHAP
005 20220329141536.0
008 971013s1945 r 00010 d
010 _a69887
011 _a70859
035 _a80412
040 _cCHAP
082 _a631.522
_bL9Y
100 0 0 _aLysenko, Trofim Desinovich.
_969298
245 1 3 _aEl arte de dirigir la naturaleza de las plantas
_b: Engels y el darwinismo
260 _aBuenos Aires :
_bLautaro,
_c1945
300 _a131 p.
_b: ilus.
500 _aD18-167
590 _aBATCH-UPD
_b10
_c20130110
_lUCH01
_h1855
590 _aCONVERSION
_b10
_c20130109
_lUCH01
_h1338
650 1 4 _aPlantas
_xMejoramiento.
_988849
700 0 _aDanvin, Charles.
_931067
700 0 _aEngels, Friedrich.
_936962
901 _aBK
942 _cLIBRO
949 _a631.522 L9Y
_bBC
_cLIBRO
_d33724002205959
_eLIBRO
_h21704
_i80412
_si
999 _c69887
_d69887